| 000 | 00919cam a2200313 a 4500 | ||
|---|---|---|---|
| 999 |
_c529234 _d529234 |
||
| 001 | 15090588 | ||
| 003 | NUST | ||
| 005 | 20190923120304.0 | ||
| 008 | 071123s2007 pk ab b 000 0 eng | ||
| 010 | _a 2007376412 | ||
| 020 | _a9789693520231 | ||
| 020 | _a9693520238 | ||
| 025 | _aP-E-2007376412; 20 | ||
| 038 | _aMSOHAIL | ||
| 040 |
_aDLC _cDLC |
||
| 042 | _alcode | ||
| 043 | _aa-pk--- | ||
| 050 | 0 | 0 |
_aDS392.B28 _bN33 2007 |
| 082 |
_a954.915 _bNAD |
||
| 100 | 1 |
_aIhsan H. Nadiem. _99066 |
|
| 245 | 1 | 0 |
_aBalochistan : _bland, history, people / |
| 260 |
_aLahore : _bSang-e-Meel Publications, _c2007. |
||
| 300 |
_a160 p. : _bcol. ill., maps ; _c29 cm. |
||
| 504 | _aIncludes bibliographical references (p. 159-160). | ||
| 651 | 0 |
_aBalochistān (Pakistan) _xHistory, Local. _94592 |
|
| 906 |
_a7 _bcbc _corigode _d3 _encip _f20 _gy-gencatlg |
||
| 942 |
_2ddc _cBK |
||